000 00647nam a2200217 a 4500
001 59829
003 BD-RjUL
005 20211209080755.0
008 161227s1963 enk b 001 0 eng d
035 _a(BD-RjUL)59953
040 _aBTS
_cBTS
_dBD-RjUL
_bBD-RjUL
041 _aeng
082 _223
_a330
_bROP 1963
100 1 _aRobbins, Lord
_d1898-1984.
_9178040
245 1 0 _aPolitics and economics :
_bpapers in political economy /
_cby Lord Robbins.
260 _aLondon :
_bMacmillan,
_c1963.
300 _aix, 230 p. ;
_c23 cm.
504 _aIncludes bibliographical references and index.
650 0 _aEconomics.
_9170576
942 _2ddc
_cBK
999 _c59829
_d59829